ბათუმის შოთა რუსთაველის სახელმწიფო უნივერსიტეტის ბიბლიოთეკა

პარიზის ღვთისმშობლის ტაძარი : (ბიბ.ჩანაწერი № 53783)

000 -ლიდერი
ფიქსირებული სიგრძის საკონტროლო ველი 01317nam a2200265Ia 4500
001 - საკონტროლო ნომერი
საკონტროლო ველი 20833
003 - საკონტროლო ნომრის იდენტიფიკატორი
საკონტროლო ველი GE_BSU
005 - ბოლო ოპერაციის თარიღი და დრო
საკონტროლო ველი 20210505214934.0
008 - ფიქსირებული სიგრძის მონაცემთა ელემენტები - ზოგადი ინფორმაცია
ფიქსირებული სიგრძის საკონტროლო ველი 181216s2014||||ge |||||||||||||| ||geo||
020 ## - წიგნის საერთაშორისო სტანდარტული ნომერი
International Standard Book Number 9789992861608
040 ## - კატალოგიზაციის წყარო
Transcribing agency GE_BSU
041 ## - ენის კოდი
Language code of text/sound track or separate title geo
080 ## - უნივერსალური ათობითი კლასიფიკაციის ინდექსი
Universal Decimal Classification number 821.133.1-31 ჰ-72
100 ## - მთავარი ჩანაწერი - პიროვნების სახელი
Personal name ჰიუგო, ვიქტორ
9 (RLIN) 11739
245 ## - ცნობა სათაურის შესახებ
Title პარიზის ღვთისმშობლის ტაძარი :
Remainder of title რომანი /
Statement of responsibility, etc ვიქტორ ჰიუგო ; მთარგმნელი ანა წერეთელი ; ილუსტრაციები სოფიკო ელიაშვილისა.
264 ## - წარმოების, გამოცემის, დისტრიბუციის და სხვა ცნობები
გამოცემის, წარმოების, დისტრიბუციის... ადგილი თბილისი :
გამოცემის, წარმოების, დისტრიბუციის... სახელწოდება ელფის გამ-ბა,
გამოცემის, წარმოების, დისტრიბუციის... თარიღი 2014.
300 ## - ფიზიკური აღწერა
Extent 296 გვ. ;
Dimensions 22 სმ.
440 ## - სერიის ცნობა / დამატებულია ჩანაწერი - სათაური
Title მსოფლიო ლიტერატურის კლასიკოსები
9 (RLIN) 11740
653 ## - INDEX TERM--UNCONTROLLED
Uncontrolled term მხატვრული ლიტერატურა
653 ## - INDEX TERM--UNCONTROLLED
Uncontrolled term პარიზის ღვთისმშობლის ტაძარი
700 ## - ADDED ENTRY--PERSONAL NAME
Personal name წერეთელი, ანა
Relator term მთარგმნელი
9 (RLIN) 11741
700 ## - ADDED ENTRY--PERSONAL NAME
Personal name ელიაშვილი, სოფიკო
Relator term ილუსტრაციები
9 (RLIN) 11742
942 ## - ADDED ENTRY ELEMENTS (KOHA)
Koha item type წიგნი
Source of classification or shelving scheme
ეგზემპლარები
ჩამოწერის სტატუსი დაკარგული ეგზემპლარის სტატუსი კლასიფიკაციის წყარო ან თაროზე გაწყობის სქემა დაზიანების სტატუსი არ გაიცემა მუდმივი მდებარეობა (დაცვის ადგილი) ამჟამინდელი ადგილსამყოფელი თაროზე განთავსების ადგილი შეძენის თარიღი ღირებულება, შესყიდვის ნორმალური ფასი სრული შენახვის შიფრი შტრიხკოდი ბოლო ოპერაციის თარიღი ეგზემპლარის მიმდევრობითი ნომერი (კეტერი?) ფასის ძალაში შესვლის თარიღი ეგზემპლარის სახეობა საჯარო შენიშვნა
          ბათუმის შოთა რუსთაველის სახელმწიფო უნივერსიტეტის მთავარი ბიბლიოთეკა ბათუმის შოთა რუსთაველის სახელმწიფო უნივერსიტეტის მთავარი ბიბლიოთეკა წიგნსაცავი 2018-12-17 7.30 821.133.1-31 ჰ-72 54260 2018-12-17 54260 2018-12-17 წიგნი 7.30 ლ.